Statistics for FC Barcelona vs VFL Wolfsburg Womens UCL Final Starting 11

Click here to take the quiz!

General Stats

  • This quiz has been taken 21 times
  • The average score is 14 of 22

Answer Stats

PositionNationalityPlayer% Correct
ST (VFLW)GermanAlexandra Popp
89%
RB (FCB)EnglishLucy Bronze
89%
RW (FCB)NorwegianCarolina Graham Hansen
83%
LB (FCB)SwedishFridolina Rolfo
83%
RM (VFLW)DutchJill Roord
83%
CM (FCB)EnglishKeira Walsh
83%
RM (FCB)SpanishAitana Bonmati
72%
LW (VFLW)PolishEwa Pajor
72%
LM (VFLW)GermanLena Oberdorf
72%
CB (FCB)SpanishMapi Leon
72%
CB (FCB)SpanishIrene Paredes
67%
GK (VFLW)GermanMerle Frohms
67%
GK (FCB)SpanishSandra Panos
67%
CB (VFLW)DutchDominique Janssen
61%
ST (FCB)SpanishMariona Caldentey
50%
LM (FCB)SpanishPatri Guijarro
50%
RW (VFLW)IcelandicSveindis Jane Jonsdottir
50%
LB (VFLW)GermanFelicitas Rauch
44%
LW (FCB)SpanishSalma Paralluelo
44%
CAM (VFLW)GermanSvenja Huth
44%
CB (VFLW)GermanKathrin Hendrich
39%
RB (VFLW)DutchLynn Wilms
28%

Score Distribution

Percentile by Number Answered

Percent of People with Each Score

Your Score History

You have not taken this quiz